000 00329nam a2200157Ia 4500
100 _aKumbhojkar/G.v
650 _aApplied mathematics
250 _a3
942 _cBK
366 _f15
245 _aApplied Mathematics IV-Mechanical
260 _bP.Jamnadas
_c2020
082 _a510
_bKUM
546 _aENGLISH
999 _c21445
_d21445